Państwa kontrolujące Mezopotamię - Statystyki

Ogólne statystyki
  • Ten quiz został rozwiązany 1 435 razy
    1 053 od ostatniego zresetowania
  • Średni wynik to 5 z 15
Statystyki odpowiedzi
Lata Naród/Imperium % Poprawnych
1932 - Irak
92%
1533 - 1918 Imperium Osmańskie
77%
113 - 117 Imperium Rzymskie
71%
1918 - 1932 Wielka Brytania
61%
2003 - 2011 Stany Zjednoczone
58%
1258 - 1392 Imperium Mongolskie / Sułtanat Jalayirid
31%
620 p.n.e. - 539 p.n.e. Imperium Nowobabilońskie
26%
911 p.n.e. - 612 p.n.e. Imperium Nowoasyryjskie
19%
651 - 1258 Kalifat Abbasydów
17%
141 p.n.e. - 113 n.e. Imperium Partów
11%
117 - 244 Imperium Partów
11%
539 p.n.e. - 330 p.n.e. Imperium Achemenidów
10%
330 p.n.e. - 141 p.n.e. Imperium Seleucydów
10%
244 - 651 Imperium Sasanidów
9%
1392 - 1405 Imperium Timurydów
8%
Nie znaleziono quizów pasujących do podanych kryteriów
Rozkład punktacji
Procent ludzi z każdym wynikiem
Percentyl według liczby udzielonych odpowiedzi
Twoja historia wyników
Nie rozwiązałeś tego quizu od ostatniego zresetowania